| 000 | 00872cam a22002174a 4500 | ||
|---|---|---|---|
| 001 | 2617090 | ||
| 005 | 20121107114709.0 | ||
| 008 | 980908s1999 nyua 001 0 eng | ||
| 020 | _a0471594075 (cloth : alk. paper) | ||
| 082 | 0 | 0 |
_a621.89 _221 _bBHU |
| 100 | 1 |
_aBhushan, Bharat, _d1949- _94387 |
|
| 245 | 1 | 0 |
_aPrinciples and Applications of Tribology / _cBharat Bhushan. |
| 260 |
_aNew York : _bJohn Wiley, _cc1999. |
||
| 300 |
_axix, 1020 p. : _bill. ; _c25 cm. |
||
| 504 | _aIncludes bibliographical references and index. | ||
| 650 | 0 |
_aTribology. _931281 |
|
| 653 |
_bMec _cNovember2012 |
||
| 942 |
_2ddc _cBB |
||
| 999 |
_c17086 _d17058 |
||